000 00455nam a2200157 4500
999 _c2974
_d2974
008 200318b ||||| |||| 00| 0 eng d
041 0 _aeng
082 0 0 _a005.133
_bL7671
100 _92568
_aLipschutz, Seymour
245 1 0 _aTheory and problems of programming with FORTRAN /
_cby Seymour Lipschutz and Arthur Poe
260 _aNew York :
_bMcGraw-Hill,
_c1978.
300 _a314 p.
650 0 _aFortran
700 _93229
_aPoe, Arthur
942 _2ddc
_cBK